High performance benchmarking : (Record no. 343352)
[ view plain ]
| 000 -LEADER | |
|---|---|
| fixed length control field | 01351 a2200217 4500 |
| 020 ## - INTERNATIONAL STANDARD BOOK NUMBER | |
| International Standard Book Number | 007026774X |
| 020 ## - INTERNATIONAL STANDARD BOOK NUMBER | |
| International Standard Book Number | 9780070267749 |
| 082 04 - DEWEY DECIMAL CLASSIFICATION NUMBER | |
| Classification number | 658.562 |
| 090 ## - LOCALLY ASSIGNED LC-TYPE CALL NUMBER (OCLC); LOCAL CALL NUMBER (RLIN) | |
| -- | 806 |
| -- | 806 |
| 100 1# - MAIN ENTRY--PERSONAL NAME | |
| Personal name | Harrington, H. |
| 245 10 - TITLE STATEMENT | |
| Title | High performance benchmarking : |
| Remainder of title | 20 steps to success / |
| Statement of responsibility, etc. | H. Harrington. |
| 250 ## - EDITION STATEMENT | |
| Edition statement | 1st ed. |
| 260 ## - PUBLICATION, DISTRIBUTION, ETC. | |
| Place of publication, distribution, etc. | [S.l.] : |
| Name of publisher, distributor, etc. | McGraw-Hill, |
| Date of publication, distribution, etc. | 1995. |
| 300 ## - PHYSICAL DESCRIPTION | |
| Extent | 173 p. ; |
| Dimensions | 22 cm. |
| 500 ## - GENERAL NOTE | |
| General note | Paperback. |
| 520 ## - SUMMARY, ETC. | |
| Summary, etc. | In this highly readable guide, the quality world's leading guru, H. James Harrington, brings together all the popular benchmarking applications, from competitive product testing, reverse engineering, and competitive analysis to competitive shopping and process benchmarking. For the first time, business professionals have one source that explains how to manage all aspects of benchmarking to maximize organizational performance. Concise and accessible, High Performance Benchmarking is ideal for anyone who wants a quick introduction to a time-tested strategy--one that has resulted in performance improvements as high as 2,000 percent in only eight months. |
| 700 1# - ADDED ENTRY--PERSONAL NAME | |
| Personal name | Harrington, James. |
| 856 40 - ELECTRONIC LOCATION AND ACCESS | |
| Materials specified | Amazon.com |
| Uniform Resource Identifier | <a href="http://www.amazon.com/exec/obidos/ASIN/007026774X/chopaconline-20">http://www.amazon.com/exec/obidos/ASIN/007026774X/chopaconline-20</a> |
| 856 40 - ELECTRONIC LOCATION AND ACCESS | |
| Materials specified | Amazon customer reviews |
| Uniform Resource Identifier | <a href="http://www.chopac.org/cgi-bin/tools/azrev.pl?q=007026774X">http://www.chopac.org/cgi-bin/tools/azrev.pl?q=007026774X</a> |
| 942 ## - ADDED ENTRY ELEMENTS (KOHA) | |
| Institution code [OBSOLETE] | NBS |
| Koha item type | Book |
| Call number prefix | 658.562 HAR |
| Withdrawn status | Lost status | Damaged status | Not for loan | Permanent Location | Current Location | Date acquired | Total Checkouts | Full call number | Barcode | Date last seen | Price effective from | Koha item type |
|---|---|---|---|---|---|---|---|---|---|---|---|---|
| Central Library (CL) | Central Library (CL) | 08/28/2013 | 658.562 HAR | NBS2179 | 08/28/2013 | 08/28/2013 | Book |
